Políticas públicas y derechos humanos de la niñez y la adolescencia /
Kaydedildi:
| Yazar: | |
|---|---|
| Materyal Türü: | Metin |
| Konular: | |
| Etiketler: |
Etiketle
Etiket eklenmemiş, İlk siz ekleyin!
|
MARC
| LEADER | 00000 a a2200000 04500 | ||
|---|---|---|---|
| 001 | 8200 | ||
| 003 | |||
| 040 | |||
| 100 | |a Martínez, Ara Gena | ||
| 245 | |a Políticas públicas y derechos humanos de la niñez y la adolescencia / |c Ara Gena Martínez | ||
| 650 | |a DESARROLLO DE LA PERSONALIDAD | ||
| 650 | |a NIÑOS | ||
| 650 | |a ADOLESCENTES | ||
| 650 | |a POLITICA GUBERNAMENTAL | ||
| 650 | |a DERECHOS HUMANOS | ||
| 773 | |g volumen 5, número 2; páginas 26-31 | ||
| 999 | |c 33605 |d 33605 | ||
